000 00700nam a2200289Ia 4500
005 20260324143923.0
008 008 260324s9999 xx 000 0 eng d
020 _a9780203812273
037 _aEBOOK
040 _aCRL
040 _beng
040 _cCRL
041 _2eng
041 _aeng
084 _qCRL
100 _aWm. David Sloan; Wm. David Sloan
_91217416
245 0 _aMakers of the Media Mind
245 0 _bJournalism Educators and their Ideas
260 _bTaylor and Francis
260 _c1990
365 _a
365 _b62.99
856 _uhttp://www.taylorfrancis.com/books/9780203812273
942 _cEBOOK
999 _c1823386
_d1823386